Tlmačské echo

Bibliographic Details
Format: Journal
Language:Slovak
PhysicalDescription:zv. 30-33 cm
Published: Tlmače MsKS a Komisia kultúry,vzdelavánia,Tv a športu pri MsÚ 2000-
ISSN:1339-0880
Subjects:
Online Access:https://www.mestotlmace.sk/mestske-noviny-tlmacske-echo-2.html

MARC

LEADER 00000cas a2200000 a 4500
001 vtls008162680
003 SK-MaSNL
005 20260228163524.0
008 050624c20009999xo zr p 0 b0slo
022 |a 1339-0880 
040 |a SNK  |b slo  |c SNK  |e AACR2 
041 0 |a slo 
043 |a e-xo--- 
044 |a xo  |c SK 
072 7 |a 352/354  |x Stupne miestnej, oblastnej a ústrednej správy  |2 konspekt 
072 7 |a 394  |x Verejný a spoločenský život. Každodenný život  |2 konspekt 
072 7 |a 316.7  |x Sociológia kultúry. Kultúrny život  |2 konspekt 
080 |a 352  |2 2011 
080 |a 394  |2 2011 
080 |a 316.728  |2 2011 
080 |a 050  |2 2011 
080 |a (051)+(054)  |2 2011 
080 |a (437.6)  |2 2011 
210 0 |a Tlmačské echo 
222 0 |a Tlmačské echo 
245 0 0 |a Tlmačské echo 
260 |a Tlmače  |b MsKS a Komisia kultúry,vzdelavánia,Tv a športu pri MsÚ  |c 2000- 
300 |a zv.  |c 30-33 cm 
310 |a 2x ročne  |b 2009- 
321 |a 1x mesačne  |b 2000 
362 0 |a Roč. 1, č. 0 (febr. 2000)- 
500 |a Podnázov v tiráži: mesačník obyvateľov mesta Tlmače ; od r. 2009: občasník obyvateľov mesta Tlmače 
500 |a Reg. číslo: OU - 5/2000 ; EV 4020/10 
500 |a V r. 2001-2008 časopis nevychádzal 
500 |a Č. 1/2018 má rozmer zv. 33 cm 
650 0 7 |a miestna správa  |2 SNKPH  |9 29496 
650 0 7 |a spoločenský život  |2 SNKPH  |9 28654 
651 7 |a Tlmače (Slovensko)  |2 SNKPHgeo  |9 83779 
655 7 |a miestne periodiká  |2 SNKPH  |9 160938 
856 4 1 |u https://www.mestotlmace.sk/mestske-noviny-tlmacske-echo-2.html 
910 |a snk 
999 |c 9738  |d 11668 
952 |0 0  |1 0  |4 0  |7 0  |8 0  |a SNK  |b SNK  |d 2022-09-07  |i snk2022/13552  |l 0  |o snkČSB 5413/12/2019  |p 17A1463708  |r 2026-02-21 20:01:53  |t č. 1-2  |w 2026-02-21  |y PREZ 
952 |0 0  |1 0  |4 0  |7 0  |8 0  |a SNK  |b SNK  |d 2022-09-07  |i snk2022/13554  |l 0  |o snkČSB 5413/13/2020  |p 17A1463709  |r 2026-02-21 20:01:53  |t č. 1-2  |w 2026-02-21  |y PREZ 
952 |0 0  |1 0  |4 0  |7 0  |8 0  |a SNK  |b SNK  |d 2022-09-07  |i snk2022/13556  |l 0  |o snkČSB 5413/14/2021  |p 17A1463710  |r 2026-02-21 20:01:53  |t č. 1-2  |w 2026-02-21  |y PREZ 
952 |0 0  |1 0  |4 0  |7 0  |8 0  |a SNK  |b SNK  |d 2007-06-13  |i snk2007/15233  |l 0  |o snkČSB 5413/1/2000  |p 17A0477995  |r 2026-02-21 20:20:19  |t č. 0-3  |w 2026-02-21  |y PREZ 
952 |0 0  |1 0  |4 0  |7 0  |8 0  |a SNK  |b SNK  |d 2019-05-10  |i snk2019/13050  |l 0  |o snkČSB 5413/2/2009  |p 17A1367245  |r 2026-02-21 22:06:48  |t č. 1-2  |w 2026-02-21  |y PREZ 
952 |0 0  |1 0  |3 Spoločne zviazané r. 2011,2013-2018  |4 0  |7 0  |8 0  |a SNK  |b SNK  |d 2019-05-10  |i snk2019/13050  |l 0  |o snkČSB 5413/4/2011  |p 17A1367246  |r 2026-02-21 22:06:48  |t č. 1-2  |w 2026-02-21  |y PREZ  |z Spoločne zviazané r. 2011,2013-2018 
952 |0 0  |1 0  |3 Spoločne zviazané r. 2011,2013-2018  |4 0  |7 0  |8 0  |a SNK  |b SNK  |d 2019-05-10  |i snk2019/13050  |l 0  |o snkČSB 5413/6/2013  |p 17A1367247  |r 2026-02-21 22:06:48  |t č. 1-2  |w 2026-02-21  |y PREZ  |z Spoločne zviazané r. 2011,2013-2018 
952 |0 0  |1 0  |3 Spoločne zviazané r. 2011,2013-2018  |4 0  |7 0  |8 0  |a SNK  |b SNK  |d 2019-05-10  |i snk2019/13050  |l 0  |o snkČSB 5413/7/2014  |p 17A1367248  |r 2026-02-21 22:06:48  |t č. 1-2  |w 2026-02-21  |y PREZ  |z Spoločne zviazané r. 2011,2013-2018 
952 |0 0  |1 0  |3 Spoločne zviazané r. 2011,2013-2018  |4 0  |7 0  |8 0  |a SNK  |b SNK  |d 2019-05-10  |i snk2019/13050  |l 0  |o snkČSB 5413/8/2015  |p 17A1367249  |r 2026-02-21 22:06:49  |t č. 1-2  |w 2026-02-21  |y PREZ  |z Spoločne zviazané r. 2011,2013-2018 
952 |0 0  |1 0  |3 Spoločne zviazané r. 2011,2013-2018  |4 0  |7 0  |8 0  |a SNK  |b SNK  |d 2019-05-10  |i snk2019/13050  |l 0  |o snkČSB 5413/9/2016  |p 17A1367250  |r 2026-02-21 22:06:49  |t č. 1-2  |w 2026-02-21  |y PREZ  |z Spoločne zviazané r. 2011,2013-2018 
952 |0 0  |1 0  |3 Spoločne zviazané r. 2011,2013-2018  |4 0  |7 0  |8 0  |a SNK  |b SNK  |d 2019-05-10  |i snk2019/13050  |l 0  |o snkČSB 5413/10/2017  |p 17A1367251  |r 2026-02-21 22:06:49  |t č. 1-2  |w 2026-02-21  |y PREZ  |z Spoločne zviazané r. 2011,2013-2018 
952 |0 0  |1 0  |3 Spoločne zviazané r. 2011,2013-2018  |4 0  |7 0  |8 0  |a SNK  |b SNK  |d 2019-05-10  |i snk2019/13050  |l 0  |o snkČSB 5413/11/2018  |p 17A1367252  |r 2026-02-21 22:06:49  |t č. 1-2  |w 2026-02-21  |y PREZ  |z Spoločne zviazané r. 2011,2013-2018